000 00332nam a2200145Ia 4500
008 230312s9999||||xx |||||||||||||| ||und||
020 _a81-317-2138-4
082 _a658.5
_bHEI-O
100 _aHeizer;Jay
245 0 _aOperations Management
260 _bHeizer
_aindia
_c2009
300 _a757
650 _aManagement
942 _cBK
999 _c4466
_d4466